C.H.P. Büyük Kurultayının 10 Mayıs 1946 Olağanüstü toplantısına sunulan Cumhuriyet Halk Partisi Müstakil Grubu raporu ve ekleri (Record no. 8775)

MARC details
000 -BAŞLIK
Sabit Uzunlukta Kontrol Alanı 01736na a2200397 4500
001 - KONTROL NUMARASI
Denetim Alanı 17823
003 - KONTROL NUMARASI IDENTIFIER
Denetim Alanı MIRAKIL
005 - SON İŞLEM TARİHİ VE ZAMANI
Denetim Alanı 20181213155224.0
008 - SABİT-BOY VERİ ELEMANLARI - GENEL BİLGİLER
Sabit Uzunlukta Kontrol Alanı 161222b tu 000 0
035 ## - SİSTEM KONTROL NUMARASI
Sistem Kontrol Numarası 17823
040 ## - KATALOGLAMA KAYNAK
Orijinal Kataloglama Ajansı Milas
Kataloglama Dili tur
Metne Dönüştürmek Ajansı TR-AnCHP
041 ## - DİL KODU
Metin / Ses Parça Veya Ayrı Başlığın Dil Kodu tur
082 ## - DEWEY ONLU SINIFLANDIRMA NUMARASI
Sınıflandırma Numarası CHP 324.2372
Ürün Numarası C36i 1946
090 ## - SINIFLAMA NUMARASI
Sınıflama Numarası CHP 324.2372 C36i 1946
111 ## - ANA GİRİŞ - TOPLANTI ADI
Giriş Elemanı Olarak Toplantı Adı Veya Yargı Alanı Adı CHP Olağanüstü Kurultayı
Toplantının Yeri Ankara
Toplantı Veya Antlaşma İmzalandığı Tarihi 10 Mayıs 1946
Bölüm / Bölüm / Toplantı Sayısı 2.
222 ## - ANAHTAR ADI
Anahtar Başlık 2. Olağanüstü Kurultay
245 ## - BAŞLIK TABLOSU
Başlık C.H.P. Büyük Kurultayının 10 Mayıs 1946 Olağanüstü toplantısına sunulan Cumhuriyet Halk Partisi Müstakil Grubu raporu ve ekleri
Sorumluluk Tablosu, Vb Cumhuriyet Halk Partisi
246 ## - UNVAN FORM VARYING
Başlık Doğru / Kısa Başlığı CHP İkinci Olağanüstü Kurultayı
246 ## - UNVAN FORM VARYING
Başlık Doğru / Kısa Başlığı 10 Mayıs 1946 Olağanüstü toplantısına sunulan Cumhuriyet Halk Partisi Müstakil Grubu raporu ve ekleri
246 ## - UNVAN FORM VARYING
Başlık Doğru / Kısa Başlığı CHP 2. Olağanüstü Kurultayı
246 ## - UNVAN FORM VARYING
Başlık Doğru / Kısa Başlığı 2. Olağanüstü Kurultay
246 ## - UNVAN FORM VARYING
Başlık Doğru / Kısa Başlığı Cumhuriyet Halk Partisi Büyük Kurultayının 10 Mayıs 1946 Olağanüstü toplantısına sunulan Cumhuriyet Halk Partisi Müstakil Grubu raporu ve ekleri
260 ## - YAYIN, DAĞITIM, VB
Yayın, Dağıtım, Vb Yeri Ankara
Yayıncı, Dağıtıcı, Vs Adı CHP
Yayın, Dağıtım, Vb Tarihi 1939
300 ## - FİZİKSEL TANIM
Kapsam 471 s.
Boyutlar 29 sm.
490 ## - SERİSİ TABLOSU
Seri Beyanı Cumhuriyet Halk Partisi yayınları
610 ## - KONU KATMA GİRİŞ - TOPLANTI ADI
Giriş Elemanı Olarak Kurumsal Ad Veya Yargı Alanı Adı Cumhuriyet Halk Partisi
Genel Alt Bölüm Kurultaylar
Kronolojik Alt Bölüm Raporlar
610 ## - KONU KATMA GİRİŞ - TOPLANTI ADI
Giriş Elemanı Olarak Kurumsal Ad Veya Yargı Alanı Adı Cumhuriyet Halk Partisi
Genel Alt Bölüm Olağanüstü kurultaylar, 1946
Kronolojik Alt Bölüm 1946
651 ## - KONU KATMA GİRİŞ - COĞRAFİ ADI
Coğrafi İsim Türkiye
Genel Alt Bölümü Siyaset ve yönetim
Kronolojik Alt Bölümü 1945-1950
740 ## - KATMA GİRİŞ - KONTROLSUZ İLGİLİ / ANALİTİK BAŞLIK
Kontrol Edilmeyen / İlgili Analitik Başlıktaki 10 Mayıs 1946 Olağanüstü toplantısına sunulan Cumhuriyet Halk Partisi Müstakil Grubu raporu ve ekleri
740 ## - KATMA GİRİŞ - KONTROLSUZ İLGİLİ / ANALİTİK BAŞLIK
Kontrol Edilmeyen / İlgili Analitik Başlıktaki CHP 2. Olağanüstü Kurultayı
740 ## - KATMA GİRİŞ - KONTROLSUZ İLGİLİ / ANALİTİK BAŞLIK
Kontrol Edilmeyen / İlgili Analitik Başlıktaki 2. Olağanüstü Kurultay
830 ## - SERİSİ EKLENDİ GİRİŞ - ÜNİFORM ADI
Üniforma Başlık CHP yayınları
942 ## - EKLENDİ GİRİŞ ELEMANLARI (KOHA)
Sınıflandırma Veya Raf Düzeni Kaynak Dewey Decimal Classification
Koha Öğesi Türü Books
999 ## - SİSTEM KONTROL NUMARALARI (KOHA)
Koha Biblionumber 8775
Koha Biblioitemnumber 8775
657 ## - INDEX SÜRE - İŞLEVİ
-- CHP olağanüstü kurultayları
657 ## - INDEX SÜRE - İŞLEVİ
-- CHP kurultayları
Holdings
Kalıcı Konum Mevcut Konum Edinme Tarihi Edinim Kaynak Toplam Check-Out'Lar Tam Çağrı Numarası Barkod Tarih Son Görülme İtibaren Geçerli Fiyatlar Koha Öğesi Türü Kopya Sayısı
CHP Kütüphanesi CHP Kütüphanesi 11/04/2016 Bağış   CHP 324.2372 C36i 1946 009108 11/04/2016 11/04/2016 Books  
CHP Kütüphanesi CHP Kütüphanesi 11/11/2016 Bağış   CHP 324.2372 C36i 1946 009391 11/11/2016 11/11/2016 Books k.2